[Event "Aeroflot Open"]
[Site "Moscow RUS"]
[Date "2009.02.20"]
[Round "4"]
[White "Bacrot,E"]
[Black "Lysyj,I"]
[Result "1-0"]
[WhiteElo "2722"]
[BlackElo "2620"]
[EventDate "2009.02.17"]

1. e4 e6 2. d4 d5 3. Nc3 Nf6 4. Bg5 dxe4 5. Nxe4 Be7 6. Bxf6 Bxf6 7. Nf3
O-O 8. Qd2 b6 9. Bd3 Bb7 10. O-O-O Nd7 11. h4 c5 12. Nfg5 Be7 13. dxc5 Qc7
14. Nd6 Nf6 15. Qe3 h6 16. Kb1 bxc5 17. Ndxf7 Rxf7 18. Qxe6 Bd5 19. Bh7+
Nxh7 20. Qxd5 Nxg5 21. Qxa8+ Rf8 22. Qd5+ Nf7 23. Qd7 Qxd7 24. Rxd7 Bf6 25.
c3 Re8 26. Rxa7 Re2 27. Rc7 Ne5 28. Rxc5 Nd3 29. Rb5 Nxf2 30. Rc1 Bxh4 31.
a4 Bg5 32. Rc2 Re1+ 33. Ka2 Nd3 34. a5 1-0

[Event "Aeroflot Open"]
[Site "Moscow RUS"]
[Date "2009.02.20"]
[Round "4"]
[White "Potkin,V"]
[Black "Vitiugov,N"]
[Result "1/2-1/2"]
[WhiteElo "2613"]
[BlackElo "2687"]
[EventDate "2009.02.17"]

1. d4 Nf6 2. c4 c5 3. d5 e5 4. Nc3 d6 5. e4 Nbd7 6. Nf3 Be7 7. h3 a6 8. a4
O-O 9. Be3 Ne8 10. Qd2 g6 11. Be2 Ng7 12. Bh6 Nf6 13. a5 Kh8 14. Bd3 Ng8
15. Na4 f5 16. Nb6 Rb8 17. Nxc8 Qxc8 18. Bxg7+ Kxg7 19. O-O f4 20. b4 h5
21. Rfb1 g5 22. bxc5 Qxc5 23. Qb4 Rfc8 24. Qxc5 Rxc5 25. Rb6 g4 26. hxg4
hxg4 27. Nd2 Nf6 28. Rab1 Rxa5 29. Rxb7 Rxb7 30. Rxb7 Kf8 31. Kf1 Ke8 32.
Nb3 Ra3 33. c5 dxc5 34. Rb8+ Kd7 35. Rb6 Bd6 36. f3 a5 37. Bb5+ Ke7 38.
Rb7+ Kf8 39. Nd2 Ra1+ 40. Ke2 Ra2 41. Kd3 Ra3+ 42. Kc2 Ra2+ 43. Kd3 Ra3+
44. Kc2 Ra2+ 45. Kd3 1/2-1/2

[Event "Aeroflot Open"]
[Site "Moscow RUS"]
[Date "2009.02.20"]
[Round "4"]
[White "Smirin,I"]
[Black "Smirnov,P"]
[Result "1/2-1/2"]
[WhiteElo "2647"]
[BlackElo "2579"]
[EventDate "2009.02.17"]

1. e4 c5 2. Nf3 Nc6 3. Bb5 e6 4. O-O Nge7 5. c3 a6 6. Ba4 b5 7. Bc2 Bb7 8.
Re1 d5 9. a4 b4 10. d3 Ng6 11. exd5 Qxd5 12. d4 cxd4 13. cxd4 Be7 14. Be3
O-O 15. Nbd2 Rad8 16. Rc1 Na5 17. Be4 Qd7 18. d5 Rc8 19. Bb6 Rxc1 20. Qxc1
f5 21. dxe6 Qxe6 22. Bxb7 Qxb6 23. Bd5+ Kh8 24. Nb3 Qd6 25. Qd1 Nxb3 26.
Bxb3 Qxd1 27. Rxd1 Rd8 28. Re1 Bf6 29. g3 h6 30. Re2 a5 31. Kg2 Ne7 32. Ne5
Kh7 33. Nc4 Nc6 34. Re3 Rd5 35. Re8 Rd8 36. Rxd8 1/2-1/2

[Event "Aeroflot Open"]
[Site "Moscow RUS"]
[Date "2009.02.20"]
[Round "4"]
[White "Zhou Jianchao"]
[Black "Aleksandrov,A"]
[Result "1-0"]
[WhiteElo "2612"]
[BlackElo "2636"]
[EventDate "2009.02.17"]

1. Nf3 Nf6 2. c4 e6 3. Nc3 d5 4. d4 Bb4 5. cxd5 exd5 6. Bg5 Nbd7 7. Qa4
Bxc3+ 8. bxc3 O-O 9. Nd2 Qe8 10. Bf4 Qe7 11. e3 c5 12. Be2 c4 13. Rb1 b6
14. Qb4 Qxb4 15. Rxb4 Bb7 16. g4 h6 17. h4 a5 18. Rb1 Bc6 19. g5 hxg5 20.
hxg5 Nh7 21. Bd1 b5 22. Bc2 g6 23. a3 Rfe8 24. Nf3 Ra7 25. Kd2 Rb7 26. Rh6
Re6 27. Nh2 Nhf8 28. Ng4 f5 29. gxf6 Nxf6 30. Nxf6+ Rxf6 31. Rh2 Rh7 32.
Rg2 a4 33. Be5 Rf3 34. Ke2 1-0

[Event "Aeroflot Open"]
[Site "Moscow RUS"]
[Date "2009.02.20"]
[Round "4"]
[White "Zvjaginsev,V"]
[Black "Zhigalko,A"]
[Result "1/2-1/2"]
[WhiteElo "2636"]
[BlackElo "2572"]
[EventDate "2009.02.17"]

1. e4 c5 2. Nf3 d6 3. d4 cxd4 4. Qxd4 a6 5. c4 Nc6 6. Qd1 g6 7. Be2 Bg7 8.
O-O Bg4 9. Nc3 Nf6 10. Bd2 O-O 11. Rc1 Nd7 12. h3 Bxf3 13. Bxf3 Nde5 14.
Be2 Nd4 15. Be3 Nec6 16. Re1 Qa5 17. Bf1 Rfc8 18. Qd2 Rab8 19. Red1 b5 20.
Nd5 Qxd2 21. Rxd2 Kf8 22. c5 dxc5 23. Rxc5 e6 1/2-1/2

[Event "Aeroflot Open"]
[Site "Moscow RUS"]
[Date "2009.02.20"]
[Round "4"]
[White "Romanov,E"]
[Black "Riazantsev,A"]
[Result "1/2-1/2"]
[WhiteElo "2576"]
[BlackElo "2634"]
[EventDate "2009.02.17"]

1. d4 d5 2. c4 e6 3. Nc3 Be7 4. cxd5 exd5 5. Bf4 c6 6. e3 Bd6 7. Nge2 Ne7
8. h4 Na6 9. Bxd6 Qxd6 10. Ng3 Nc7 11. Bd3 O-O 12. Qh5 h6 13. Qf3 b6 14.
Nge2 c5 15. g4 Ba6 16. Bxa6 Nxa6 17. a3 Rad8 18. g5 cxd4 19. Nxd4 Nc5 20.
Rd1 Qg6 21. gxh6 Qxh6 22. Ke2 f5 23. Qf4 Qxf4 24. exf4 Rf6 25. h5 Ne4 26.
Ncb5 a6 27. Nc7 Nc5 28. b4 Rc8 29. bxc5 Rxc7 30. cxb6 Rxb6 31. Rb1 Rxb1 32.
Rxb1 Rc4 33. Kd3 Nc6 34. Nxc6 Rxc6 35. Kd4 Rc4+ 36. Ke5 d4 37. Rd1 Rc3 38.
Rxd4 Rxa3 39. Kxf5 Kh7 40. Ke4 1/2-1/2

[Event "Aeroflot Open"]
[Site "Moscow RUS"]
[Date "2009.02.20"]
[Round "4"]
[White "Grigoriants,S RUS"]
[Black "So,W"]
[Result "1/2-1/2"]
[WhiteElo "2565"]
[BlackElo "2627"]
[EventDate "2009.02.17"]

1. e4 c5 2. Nf3 Nc6 3. d4 cxd4 4. Nxd4 Nf6 5. Nc3 e5 6. Ndb5 d6 7. Bg5 a6
8. Na3 b5 9. Nd5 Be7 10. Bxf6 Bxf6 11. c3 O-O 12. Nc2 Bg5 13. a4 bxa4 14.
Rxa4 a5 15. Bc4 Rb8 16. b3 Kh8 17. Nce3 g6 18. h4 Bxh4 19. g3 Bg5 20. f4
exf4 21. gxf4 Bh4+ 22. Kd2 Ne7 23. Rh2 Nxd5 24. Nxd5 f5 25. Qh1 g5 26. Kc2
Rb7 27. Ba6 Rbf7 28. Bxc8 Qxc8 29. fxg5 Bxg5 30. Rxa5 Qe6 31. exf5 Qxf5+
32. Kb2 Qg6 33. Qg1 Qg7 1/2-1/2

[Event "Aeroflot Open"]
[Site "Moscow RUS"]
[Date "2009.02.20"]
[Round "4"]
[White "Ponkratov,P"]
[Black "Petrosian,TL"]
[Result "1-0"]
[WhiteElo "2558"]
[BlackElo "2623"]
[EventDate "2009.02.17"]

1. d4 d5 2. Nf3 Nf6 3. c4 c6 4. e3 g6 5. Be2 Bg7 6. O-O O-O 7. Nc3 Bf5 8.
cxd5 Nxd5 9. Qb3 Nb6 10. Rd1 Be6 11. Qc2 Bg4 12. e4 Bxf3 13. Bxf3 e5 14. d5
cxd5 15. exd5 f5 16. Qb3 Kh8 17. Be3 N8d7 18. Be2 e4 19. a4 Ne5 20. d6 Qh4
21. Nd5 f4 22. g3 fxg3 23. hxg3 Qh3 24. Nf4 Qh6 25. Ne6 Qh3 26. Ng5 Qf5 27.
Qe6 Rf6 28. Qxf5 gxf5 29. a5 Nbc4 30. Bxc4 Nxc4 31. Bd4 Kg8 32. Bxf6 Bxf6
33. Ne6 Kf7 34. Nf4 Rd8 35. Rac1 Rxd6 36. Rxd6 Nxd6 37. Rc7+ Ke8 38. b4 a6
39. Rxh7 Nf7 40. Ne6 Bc3 41. Nc5 Bxb4 42. Nxb7 Be7 43. Rh5 Ng5 44. Rh6 Kd7
45. Rxa6 Kc7 46. Rb6 Nf3+ 47. Kg2 Nd4 48. Rb1 Nc6 49. Rb5 Na7 50. Rb1 Nc6
51. a6 Nb4 52. Na5 Kb6 53. a7 1-0

[Event "Aeroflot Open"]
[Site "Moscow RUS"]
[Date "2009.02.20"]
[Round "4"]
[White "Amonatov,F"]
[Black "Melkumyan,H"]
[Result "1-0"]
[WhiteElo "2647"]
[BlackElo "2519"]
[EventDate "2009.02.17"]

1. e4 e5 2. Nf3 Nc6 3. Bb5 a6 4. Ba4 Nf6 5. O-O Be7 6. Re1 b5 7. Bb3 d6 8.
c3 O-O 9. h3 Nb8 10. d4 Nbd7 11. Nbd2 Bb7 12. Bc2 Re8 13. Nf1 Bf8 14. Ng3
g6 15. a4 Bg7 16. Bd3 c6 17. Bg5 Nf8 18. b4 Ne6 19. Be3 Qc7 20. Qc2 Nd7 21.
Rad1 Nb6 22. dxe5 dxe5 23. a5 Nd7 24. c4 bxc4 25. Bxc4 c5 26. Rc1 Rac8 27.
Qb3 Bf8 28. Red1 Nf6 29. Bxe6 Rxe6 30. Bxc5 Rc6 31. Bb6 Rc3 32. Bxc7 Rxb3
33. Bxe5 Rxc1 34. Rxc1 Ne8 35. Bc3 Bxb4 36. Bxb4 Rxb4 37. Nd2 Rb5 38. Ra1
Nd6 39. f3 Bc6 40. Ne2 Nb7 41. Rc1 Nxa5 42. Nd4 Rb6 43. Ra1 Rb4 44. Nxc6
Nxc6 45. Rxa6 Ne5 46. Ra2 Nd3 47. g3 h5 48. Kf1 Rd4 49. Rc2 Ra4 50. Ke2 Ra3
51. Nc4 Rb3 52. h4 Kg7 53. Nd2 Ra3 54. Nc4 Rb3 55. f4 Nc5 56. Nd2 Rb5 57.
Ke3 Ra5 58. Rc3 Ne6 59. Nc4 Ra1 60. Nd6 Re1+ 61. Kf2 Rd1 62. e5 f5 63. Ra3
Nc5 64. Ke2 Rd4 65. Ra7+ Kg8 66. Ra5 Ne6 67. Ra6 Nf8 68. Rc6 Rd5 69. Rc8
Rd4 70. Re8 Kg7 71. Re7+ Kg8 72. Ne8 Nh7 73. Rg7+ 1-0

[Event "Aeroflot Open"]
[Site "Moscow RUS"]
[Date "2009.02.20"]
[Round "4"]
[White "Dreev,A"]
[Black "Khairullin,I"]
[Result "1/2-1/2"]
[WhiteElo "2688"]
[BlackElo "2574"]
[EventDate "2009.02.17"]

1. d4 Nf6 2. c4 e6 3. Nc3 Bb4 4. Qc2 d5 5. cxd5 exd5 6. Bg5 h6 7. Bh4 c5 8.
Nf3 Nc6 9. dxc5 g5 10. Bg3 Ne4 11. e3 Qa5 12. Nd2 Nxc3 13. bxc3 Bxc3 14.
Rb1 Qxc5 15. Rb5 Qa3 16. Rb3 Bxd2+ 17. Qxd2 Qa5 18. Qxa5 Nxa5 19. Rb5 b6
20. h4 gxh4 21. Bxh4 Be6 22. Bf6 Rg8 23. Rxh6 Rc8 24. Rb1 Kd7 25. Rd1 Rc2
26. e4 Kc6 27. exd5+ Bxd5 28. Be5+ Be6 29. a4 Rc5 30. Bd4 Rd5 31. g3 Kd7
32. Bb5+ Kd6 33. Bc3 Rxd1+ 34. Kxd1 Nb3 35. Ke2 Nc5 36. Bb4 Rg4 37. Rh4 Ke5
38. Rxg4 Bxg4+ 39. Ke3 a5 40. Ba3 Bd1 41. Be8 Ke6 42. Bxc5 bxc5 43. Kd2 Bf3
44. Kd3 Ke7 45. Bb5 Kd6 46. Ke3 Bd1 47. Ke4 1/2-1/2

[Event "Aeroflot Open"]
[Site "Moscow RUS"]
[Date "2009.02.20"]
[Round "4"]
[White "Chuprov,D"]
[Black "Bareev,E"]
[Result "0-1"]
[WhiteElo "2571"]
[BlackElo "2645"]
[EventDate "2009.02.17"]

1. e4 c6 2. d4 d5 3. e5 Bf5 4. Nf3 e6 5. Be2 Nd7 6. O-O Bg6 7. Nbd2 Nh6 8.
Nb3 Nf5 9. Bd2 Be7 10. g4 Nh4 11. Nxh4 Bxh4 12. f4 f5 13. Bb4 Be7 14. Bxe7
Qxe7 15. g5 h6 16. h4 hxg5 17. hxg5 Kf7 18. Kg2 c5 19. c3 Rh4 20. Qe1 Rah8
21. Qg3 c4 22. Nd2 Qd8 23. b4 R8h7 24. Rh1 Qh8 25. Rxh4 Rxh4 26. Bf3 Nf8
27. Kf2 Ke7 28. Ke3 Be8 29. Rf1 Ng6 30. Bg2 Ba4 31. Qe1 Bc2 32. Nf3 Rxf4
33. Qc1 Be4 34. Rh1 Qd8 35. Qa3 Kf7 36. Qxa7 Rxf3+ 37. Bxf3 Qxg5+ 38. Ke2
Nf4+ 39. Kf2 Nd3+ 40. Ke2 Bxf3+ 41. Kxf3 Qg4+ 42. Ke3 f4+ 0-1

[Event "Aeroflot Open"]
[Site "Moscow RUS"]
[Date "2009.02.20"]
[Round "4"]
[White "Sjugirov,S"]
[Black "Li Chao2"]
[Result "1/2-1/2"]
[WhiteElo "2562"]
[BlackElo "2628"]
[EventDate "2009.02.17"]

1. e4 e5 2. Nf3 Nc6 3. Bb5 a6 4. Ba4 Nf6 5. O-O Be7 6. Re1 b5 7. Bb3 d6 8.
c3 O-O 9. h3 Nb8 10. d4 Nbd7 11. Nbd2 Bb7 12. Bc2 c5 13. Nf1 cxd4 14. cxd4
exd4 15. Ng3 Re8 16. Nxd4 d5 17. exd5 Bf8 18. Rxe8 1/2-1/2

[Event "Aeroflot Open"]
[Site "Moscow RUS"]
[Date "2009.02.20"]
[Round "4"]
[White "Nepomniachtchi,I"]
[Black "Andriasian,Z"]
[Result "1/2-1/2"]
[WhiteElo "2628"]
[BlackElo "2564"]
[EventDate "2009.02.17"]

1. e4 c5 2. Nf3 Nc6 3. d4 cxd4 4. Nxd4 e5 5. Nb5 d6 6. N1c3 a6 7. Na3 Be7
8. Nd5 Nf6 9. Nxf6+ Bxf6 10. Nc4 Be7 11. Be3 Be6 12. Qd2 b5 13. Nb6 Rb8 14.
Nd5 O-O 15. Rd1 Bxd5 16. Qxd5 Qc7 17. c3 Na5 18. b4 Nc6 19. a4 Nd8 20. axb5
axb5 21. Rc1 Qd7 22. g3 Ne6 23. Bh3 Qc8 24. c4 bxc4 25. Qxc4 Qxc4 26. Rxc4
Rb5 27. Ke2 Rfb8 28. Rb1 g6 29. Bg2 Bg5 30. Kd3 Bxe3 31. fxe3 Kf8 32. Kc3
Ra8 33. Rc6 Ke7 34. Bf1 Rb7 35. Ba6 Rbb8 36. Rd1 Ng5 37. b5 Nxe4+ 38. Kb4
Ra7 39. g4 f5 40. gxf5 gxf5 41. Rc8 Raa8 42. Rc7+ Kf6 43. Ka5 Ke6 44. b6
1/2-1/2

[Event "Aeroflot Open"]
[Site "Moscow RUS"]
[Date "2009.02.20"]
[Round "4"]
[White "Pashikian,A"]
[Black "Kotsur,P"]
[Result "1-0"]
[WhiteElo "2621"]
[BlackElo "2563"]
[EventDate "2009.02.17"]

1. d4 Nf6 2. c4 e6 3. Nf3 b6 4. g3 Ba6 5. Qc2 c5 6. d5 exd5 7. cxd5 g6 8.
Bg2 Bg7 9. Nc3 O-O 10. O-O d6 11. a4 Bb7 12. Nd2 Na6 13. Nc4 Nb4 14. Qd1
Ba6 15. Qb3 Bxc4 16. Qxc4 Nd7 17. Qb3 a6 18. Bd2 Qe7 19. Rfe1 h6 20. Nb1 b5
21. a5 Rac8 22. Bc3 Bxc3 23. Nxc3 Rfe8 24. Bh3 Rc7 25. Bxd7 Qxd7 26. Kg2
Qd8 27. Qd1 Qg5 28. f4 Qf6 29. e4 Qd4 30. e5 dxe5 31. Re4 Qxd1 32. Rxd1 f6
33. fxe5 fxe5 34. Re2 Kg7 35. d6 Rd7 36. Ne4 Rc8 37. Rf2 c4 38. Nf6 Rf7 39.
Rdf1 Kh8 40. Ne4 Rd7 41. Rf7 Rcd8 42. Re7 Nd5 43. Rff7 Rxd6 44. Rh7+ Kg8
45. Reg7+ Kf8 46. Nxd6 Rxd6 47. Ra7 Kg8 48. Rhg7+ Kf8 49. Rh7 Kg8 50. Rhb7
1-0

[Event "Aeroflot Open"]
[Site "Moscow RUS"]
[Date "2009.02.20"]
[Round "4"]
[White "Huzman,A"]
[Black "Dyachkov,S"]
[Result "1/2-1/2"]
[WhiteElo "2602"]
[BlackElo "2553"]
[EventDate "2009.02.17"]

1. Nf3 Nf6 2. c4 g6 3. g3 Bg7 4. Bg2 O-O 5. O-O d6 6. Nc3 e5 7. d4 Nbd7 8.
e4 exd4 9. Nxd4 Re8 10. h3 Nc5 11. Re1 Bd7 12. Kh2 a6 13. a4 a5 14. Ndb5
Qc8 15. Bf4 Bc6 16. Qc2 Ne6 17. Be3 Nd7 18. Rad1 Ndc5 19. Nd5 Na6 20. f4
Qb8 21. Qf2 Bxd5 22. cxd5 Nec5 23. e5 Nxa4 24. Bd4 Qd8 25. e6 N4c5 26. f5
fxe6 27. f6 Qd7 28. dxe6 Nxe6 29. fxg7 Qxb5 30. Rxe6 Rxe6 31. Rf1 Qxf1 32.
Bxf1 Nb4 33. Bc3 c6 34. Qb6 Re7 35. h4 Rf7 36. Bh3 Nd5 37. Qd4 Re8 38. Bxa5
Re2+ 39. Kh1 b6 40. Bc3 Ra7 41. Qd1 Rae7 42. Qb3 Rf7 43. Qc4 Nxc3 44. Be6
Rxe6 45. Qxe6 Nb5 46. Qc8+ Kxg7 47. Qxc6 Rf5 48. g4 Re5 49. b4 h5 50. g5
Rf5 51. Qxb6 Kh7 52. Qb7+ Kg8 53. Qe7 Kh8 54. Kg2 Kg8 55. Qd8+ Kg7 56. Kg3
Kh7 1/2-1/2

[Event "Aeroflot Open"]
[Site "Moscow RUS"]
[Date "2009.02.20"]
[Round "4"]
[White "Onischuk,Al"]
[Black "Vazquez Igarza,R"]
[Result "1-0"]
[WhiteElo "2659"]
[BlackElo "2558"]
[EventDate "2009.02.17"]

1. d4 d5 2. c4 c6 3. Nc3 Nf6 4. Nf3 dxc4 5. a4 Bf5 6. e3 Bd3 7. Bxd3 cxd3
8. Qxd3 e6 9. e4 Be7 10. a5 O-O 11. O-O c5 12. d5 Nc6 13. Rd1 Nb4 14. Qc4
exd5 15. exd5 Bd6 16. Bg5 h6 17. Bh4 Re8 18. Nb5 g5 19. Nxd6 Qxd6 20. Bg3
Qa6 21. Qxc5 Nbxd5 22. Rxd5 Rac8 23. Rxg5+ hxg5 24. Qxg5+ Kf8 25. Be5 Ne4
26. Qg7+ Ke7 27. Re1 Qd3 28. Bc3 Qd5 29. Ng5 Kd6 30. Nxe4+ Rxe4 31. Rxe4
Qxe4 32. h3 Qb1+ 33. Kh2 Qf5 34. Qd4+ Ke6 35. Qe3+ Kd7 36. Qxa7 Qf4+ 37. g3
Qe4 38. a6 Rc7 39. Ba5 b6 40. Qxb6 Rc2 41. Qd8+ Ke6 42. Qe8+ Kd5 43. Qxe4+
Kxe4 44. a7 1-0

[Event "Aeroflot Open"]
[Site "Moscow RUS"]
[Date "2009.02.20"]
[Round "4"]
[White "Predojevic,B"]
[Black "Zherebukh,Y"]
[Result "1-0"]
[WhiteElo "2650"]
[BlackElo "2558"]
[EventDate "2009.02.17"]

1. d4 Nf6 2. c4 e6 3. Nc3 Bb4 4. e3 O-O 5. a3 Bxc3+ 6. bxc3 b6 7. Bd3 d5 8.
cxd5 exd5 9. Ne2 Ba6 10. f3 Re8 11. O-O c5 12. Ra2 Bxd3 13. Qxd3 Nc6 14.
Ng3 Rc8 15. Re2 g6 16. Bb2 h5 17. Nh1 h4 18. Nf2 Nh5 19. Nh3 cxd4 20. cxd4
Qd7 21. e4 dxe4 22. fxe4 Ne5 23. Qd1 Nc4 24. Ba1 Qg4 25. e5 Rcd8 26. d5 Re7
27. Qd3 f5 28. Ree1 b5 29. d6 Re6 30. Qd5 Kf7 31. Nf2 Qg5 32. Ne4 Qh6 33.
Nc5 Ng7 34. Qb7+ 1-0

[Event "Aeroflot Open"]
[Site "Moscow RUS"]
[Date "2009.02.20"]
[Round "4"]
[White "Grigoryan,Av"]
[Black "Bocharov,D"]
[Result "1-0"]
[WhiteElo "2506"]
[BlackElo "2647"]
[EventDate "2009.02.17"]

1. d4 Nf6 2. Nf3 e6 3. c4 b6 4. g3 Bb7 5. Bg2 Bb4+ 6. Bd2 a5 7. O-O O-O 8.
Nc3 d6 9. Qc2 Nbd7 10. b3 c5 11. Rfd1 cxd4 12. Nxd4 Bxg2 13. Kxg2 Rc8 14.
Ncb5 Bxd2 15. Qxd2 Nc5 16. Nc2 d5 17. Ne3 Nce4 18. Qd4 Rc5 19. a4 Qe7 20.
cxd5 exd5 21. Rd3 Rfc8 22. Rad1 Qe6 23. f3 Nd6 24. Nxd6 Qxd6 25. R1d2 Qe6
26. g4 g6 27. g5 Ne4 28. Nxd5 Nxd2 29. Rxd2 f5 30. gxf6 Kf7 31. e4 g5 32.
Nxb6 R8c7 33. Nd7 Rc1 34. Ne5+ Kxf6 35. Nd3+ Kg6 36. Nxc1 Rxc1 37. Qd6 Qxd6
38. Rxd6+ Kh5 39. h3 Rc3 40. Rb6 h6 41. Kg3 Rd3 42. Rb5 Rc3 43. h4 Rd3 44.
hxg5 hxg5 45. Rxa5 Rxb3 46. Ra8 Ra3 47. a5 1-0

[Event "Aeroflot Open"]
[Site "Moscow RUS"]
[Date "2009.02.20"]
[Round "4"]
[White "Volkov,Sergey1"]
[Black "Minasian,Art"]
[Result "1/2-1/2"]
[WhiteElo "2627"]
[BlackElo "2557"]
[EventDate "2009.02.17"]

1. d4 g6 2. c4 Bg7 3. e4 c5 4. d5 d6 5. Nc3 Nf6 6. Nf3 O-O 7. Be2 e6 8. Bg5
h6 9. Bh4 exd5 10. cxd5 Bg4 11. O-O Nbd7 12. Nd2 Bxe2 13. Qxe2 Re8 14. f4
Qb6 15. Nc4 Qa6 16. Rae1 b5 17. Nd2 c4 18. Bxf6 Nxf6 19. e5 b4 20. Nce4
dxe5 21. Nxf6+ Qxf6 22. Nxc4 exf4 23. Qxe8+ Rxe8 24. Rxe8+ Kh7 25. Rd1 f3
26. Ne3 Qxb2 27. d6 Bd4 28. gxf3 Qc3 29. Kf2 Bb6 30. Ke2 Qa3 31. Rd2 Qa6+
32. Ke1 Ba5 33. Re5 Bd8 34. Re4 Qb6 35. d7 a5 36. Re8 Bh4+ 37. Ke2 Qb5+ 38.
Kd1 Qa4+ 39. Kc1 Qc6+ 40. Nc2 Qxf3 41. d8=Q Bxd8 42. Rexd8 g5 43. R8d3 Qf6
44. Nd4 Qe5 45. Kb2 a4 46. Re2 Qd5 47. Rd1 Kg6 48. Red2 f5 49. Nc2 Qc5 50.
Rd6+ Kh5 51. R1d3 Qe5+ 52. R6d4 Qxh2 53. Rxb4 g4 54. Rd5 Qf2 55. Rbb5 Kg5
56. Kc3 g3 57. Nd4 Qe3+ 58. Kc4 g2 59. Rxf5+ Kg4 60. Rf8 Qc1+ 61. Kb4 Qe1+
62. Kxa4 Qd1+ 63. Ka3 g1=Q 64. Rg8+ Kh3 65. Rxg1 Qxg1 66. Rb3+ Kg4 67. Rb4
Qc1+ 68. Ka4 Qd1+ 69. Kb5 h5 70. a4 h4 71. a5 h3 72. a6 h2 73. a7 h1=Q 74.
Nc6+ Kh3 75. a8=Q Qdd5+ 76. Kb6 Qg1+ 77. Kc7 Qg3+ 78. Kb6 Qe3+ 79. Kc7 Qf7+
80. Kd6 Qee6+ 81. Kc5 Qd5+ 82. Kb6 Qf2+ 83. Kc7 Qg3+ 84. Kb6 Qe3+ 85. Kc7
Qf7+ 86. Kd6 Qc3 87. Qc8+ Kh2 88. Rh4+ Kg2 89. Qg4+ Qg3+ 1/2-1/2

[Event "Aeroflot Open"]
[Site "Moscow RUS"]
[Date "2009.02.20"]
[Round "4"]
[White "Ajrapetjan,Y"]
[Black "Maze,S"]
[Result "1-0"]
[WhiteElo "2490"]
[BlackElo "2579"]
[EventDate "2009.02.17"]

1. d4 Nf6 2. c4 e6 3. Nc3 c5 4. d5 exd5 5. cxd5 d6 6. e4 g6 7. f4 Bg7 8.
Bb5+ Nfd7 9. a4 O-O 10. Nf3 Na6 11. O-O Nb4 12. Be3 a6 13. Bc4 Nb6 14. Be2
Re8 15. Bf2 Bg4 16. Qd2 Bxf3 17. Bxf3 Nc4 18. Qe2 Na5 19. Qd1 Qf6 20. g3
Nc4 21. Qe2 Na5 22. Rad1 Qd8 23. e5 dxe5 24. Bxc5 Nb3 25. Qf2 Nxc5 26. Qxc5
a5 27. d6 exf4 28. Bxb7 Rb8 29. d7 Rf8 30. Bg2 fxg3 31. hxg3 Na6 32. Qc4
Nc7 33. Bd5 Nxd5 34. Nxd5 Rxb2 35. Qe4 Kh8 36. Qe7 Qb8 37. Rd3 Rb1 38. Nf4
Qb6+ 39. Kg2 Qb2+ 40. Ne2 1-0

[Event "Aeroflot Open"]
[Site "Moscow RUS"]
[Date "2009.02.20"]
[Round "4"]
[White "Chadaev,N"]
[Black "Wen Yang"]
[Result "1/2-1/2"]
[WhiteElo "2568"]
[BlackElo "2504"]
[EventDate "2009.02.17"]

1. e4 e5 2. Nf3 Nc6 3. Bb5 a6 4. Ba4 Nf6 5. O-O b5 6. Bb3 Bb7 7. c3 Nxe4 8.
d4 Na5 9. Nxe5 Nxb3 10. Qxb3 Nd6 11. c4 bxc4 12. Nxc4 Nxc4 13. Qxb7 Be7 14.
Nc3 O-O 15. Qf3 Bf6 16. Rd1 c6 17. b3 Nb6 18. Be3 a5 19. a4 Re8 20. Rac1
Rc8 21. g3 d5 22. Ne2 Nd7 23. Rd3 Nf8 24. Kg2 Ne6 25. h4 Qb6 26. Qg4 Qa6
27. Rcd1 Rb8 28. Nf4 Qa7 29. Nxe6 Rxe6 30. Rc1 Rbe8 31. Rdc3 Qb7 32. Qf5
Qb6 33. Qc2 Bxd4 34. Rxc6 Rxc6 35. Qxc6 Qxc6 36. Rxc6 Bxe3 37. fxe3 g5 38.
Kf2 gxh4 39. gxh4 Rb8 40. Rc3 Kf8 41. Rd3 Rd8 42. Rd4 Ke7 43. b4 axb4 44.
Rxb4 Ra8 45. Kf3 Kf6 46. Rf4+ Ke6 47. Rb4 Kf5 48. Ke2 Rg8 49. Kd3 Rg1 50.
Kc2 Re1 51. Rf4+ Ke6 52. Kd3 h5 53. e4 Ra1 54. exd5+ Ke5 55. Rb4 Kxd5 56.
Ke3 Ke6 57. Kf4 Rg1 58. Kf3 Ra1 59. Ke4 1/2-1/2

[Event "Aeroflot Open"]
[Site "Moscow RUS"]
[Date "2009.02.20"]
[Round "4"]
[White "Li Shilong"]
[Black "Ipatov,A UKR"]
[Result "1-0"]
[WhiteElo "2559"]
[BlackElo "2494"]
[EventDate "2009.02.17"]

1. d4 Nf6 2. c4 g6 3. Nc3 d5 4. cxd5 Nxd5 5. e4 Nxc3 6. bxc3 Bg7 7. Be3 c5
8. Qd2 cxd4 9. cxd4 Nc6 10. Rd1 Bg4 11. Be2 Bxe2 12. Nxe2 O-O 13. O-O Qd7
14. Bh6 Bxh6 15. Qxh6 Rac8 16. f4 Qe6 17. Ng3 Nxd4 18. Rxd4 Qb6 19. Rfd1
Rc1 20. Rxc1 Qxd4+ 21. Kh1 Qe3 22. Rf1 Rc8 23. Qg5 Rc1 24. Qxe7 Rxf1+ 25.
Nxf1 Qf2 26. Qd8+ Kg7 27. Qd3 Qxa2 28. Qd4+ Kg8 29. Nd2 a5 30. f5 a4 31.
Qd8+ Kg7 32. f6+ Kh6 33. h4 Qa1+ 34. Kh2 Qe5+ 35. Kh3 Qf4 36. Nf3 a3 37.
Qh8 1-0

[Event "Aeroflot Open"]
[Site "Moscow RUS"]
[Date "2009.02.20"]
[Round "4"]
[White "Milov,V"]
[Black "Kotanjian,T"]
[Result "1-0"]
[WhiteElo "2669"]
[BlackElo "2568"]
[EventDate "2009.02.17"]

1. d4 d5 2. c4 e6 3. Nf3 Nf6 4. Bg5 Be7 5. e3 h6 6. Bh4 O-O 7. Nbd2 b6 8.
Rc1 Bb7 9. Bd3 Nbd7 10. cxd5 Nxd5 11. Bg3 c5 12. O-O Rc8 13. Nc4 N7f6 14.
a3 b5 15. Nce5 c4 16. Bc2 c3 17. b4 a5 18. e4 Nc7 19. Qe2 axb4 20. axb4
Bxb4 21. Rfd1 Ba3 22. Ra1 b4 23. Bh4 Nce8 24. Ng4 Qb6 25. Nxf6+ Nxf6 26.
Bxf6 gxf6 27. Ne1 Rfd8 28. Qe3 Kg7 29. Bb3 Bb2 30. Rab1 Ba6 31. e5 f5 32.
Qg3+ Kh7 33. Qh4 Rg8 34. d5 Qb5 35. Nc2 Bb7 36. Qf6 Qe8 37. g3 Rg6 38. Qh4
Rg4 39. Qh5 Rg5 40. Qe2 exd5 41. Rd4 Ba8 42. Qd3 Rc4 43. Re1 Qc8 44. Rd1
Rxd4 45. Qxd4 Rg4 46. f4 Rg8 47. Re1 Qe6 48. Ne3 Rb8 49. Bc2 Qb6 50. Qd3 b3
51. Qxf5+ Kg8 52. Qh7+ Kf8 53. Bxb3 Bc1 54. Kf2 Bd2 55. Re2 Bxe3+ 56. Rxe3
c2 57. Bxc2 d4 58. Rb3 Qxb3 1-0

[Event "Aeroflot Open"]
[Site "Moscow RUS"]
[Date "2009.02.20"]
[Round "4"]
[White "Van Wely,L"]
[Black "Robson,R"]
[Result "0-1"]
[WhiteElo "2625"]
[BlackElo "2455"]
[EventDate "2009.02.17"]

1. d4 d5 2. c4 e6 3. Nf3 Nf6 4. g3 dxc4 5. Bg2 a6 6. Ne5 c5 7. Na3 cxd4 8.
Naxc4 Ra7 9. Bd2 b6 10. Rc1 Bb7 11. Bxb7 Rxb7 12. O-O Bc5 13. b4 Be7 14.
Be3 O-O 15. Bxd4 Bxb4 16. Bxb6 Qxd1 17. Rfxd1 Nbd7 18. Bd4 Rc7 19. Nd3 Be7
20. Nb6 Rb7 21. Nc8 Ba3 22. Rc3 Bb2 23. Nxb2 Rxb2 24. Ra3 Rxe2 25. Ne7+ Kh8
26. Rxa6 h6 27. Ra7 Rc2 28. Be3 Ne5 29. Rc1 Rxc1+ 30. Bxc1 Rd8 31. Kg2 Rd1
32. Bb2 Nfg4 33. Bc3 Rc1 34. Bd4 Rc2 35. Ra3 Rd2 36. Ra4 Nxf2 37. Bxf2 Nd3
38. Rf4 Nxf4+ 39. gxf4 Rc2 40. f5 Kh7 41. a3 Rc7 42. Bh4 f6 43. Ng6 exf5
44. Nf8+ Kg8 45. Ne6 Rc3 46. Nd4 f4 47. Nb5 Rb3 48. a4 Rb4 49. Kf3 Rxa4 50.
Nc3 Ra3 51. Be1 g5 52. Kg4 Kf7 53. h4 Ra1 54. Bf2 Ke6 55. hxg5 fxg5 56. Bd4
Rh1 57. Bf2 Rh2 58. Ne4 Ke5 59. Nc5 Kf6 60. Bd4+ Kg6 61. Ne6 Rg2+ 62. Kf3
Ra2 63. Bc5 h5 64. Be7 Ra7 65. Bxg5 Kf5 66. Bxf4 Ra3+ 67. Kg2 Kxe6 68. Bc7
Kf5 69. Bd6 Rb3 70. Bc7 Kg4 71. Bd6 Rb2+ 72. Kg1 Kh3 73. Kf1 Rg2 74. Be5
Rg5 75. Bd6 Rg8 76. Kf2 Rg7 77. Be5 Re7 78. Bd6 Re6 79. Bc7 Rg6 80. Kf1 Kh4
81. Kf2 Rc6 82. Be5 Kh3 83. Kf1 Rg6 84. Bc7 Rg8 85. Bd6 Rd8 86. Bc7 Rd7 87.
Be5 Rd5 88. Bc7 Rc5 89. Bd6 Rc6 90. Be5 Rc5 91. Bd6 Rd5 92. Bc7 Rg5 93. Kf2
Rg7 94. Be5 Rg8 95. Bd6 Rg2+ 96. Kf1 Rd2 97. Bf4 Rd4 98. Be5 Re4 99. Bc7
Rg4 100. Kf2 Rg2+ 101. Kf1 Rg6 102. Kf2 Kh4 103. Kf3 Rc6 104. Be5 Rc2 105.
Bd6 Kh3 106. Bf4 Rc8 107. Bd6 Rc6 108. Be5 Rc5 109. Bd6 Rf5+ 110. Ke4 Kg4
111. Be7 Rf7 112. Bd8 h4 0-1

[Event "Aeroflot Open"]
[Site "Moscow RUS"]
[Date "2009.02.20"]
[Round "4"]
[White "Salem,AR"]
[Black "Kosintseva,N"]
[Result "0-1"]
[WhiteElo "2473"]
[BlackElo "2486"]
[EventDate "2009.02.17"]

1. d4 Nf6 2. c4 e6 3. Nf3 d5 4. Nc3 Bb4 5. Bg5 Nbd7 6. e3 c5 7. cxd5 exd5
8. Bd3 Qa5 9. Qc2 c4 10. Bf5 O-O 11. O-O Re8 12. Nd2 g6 13. Bxd7 Nxd7 14.
h4 f6 15. Bh6 Bxc3 16. bxc3 Nb6 17. f3 Qa4 18. Qb1 Qa3 19. Rc1 Bd7 20. e4
Qd6 21. Be3 Bc6 22. Re1 Re6 23. Qc2 Rae8 24. Bf2 Ba4 25. Qb2 Qf4 26. Re3
Bc6 27. g3 Qd6 28. Rae1 Na4 29. Qc1 b5 30. h5 Nb6 31. Qb1 gxh5 32. Nf1 dxe4
33. fxe4 f5 34. d5 Nxd5 35. e5 Rxe5 36. Rxe5 Rxe5 37. Bd4 Nxc3 38. Bxc3
Qc5+ 39. Kh2 Qf2+ 40. Kh3 Rxe1 41. Bxe1 Qxf1+ 42. Kh4 h6 0-1